Counties of Canada - Statistics

General Stats
  • This quiz has been taken 61 times
    56 since last reset
  • The average score is 47 of 321
Answer Stats
Province/Territory County % Correct
Ontario Toronto
79%
British Columbia Vancouver
72%
Ontario Ottawa
67%
Québec Montréal
63%
Prince Edward Island Prince
60%
Québec Québec
58%
Manitoba Winnipeg
58%
British Columbia | New Brunswick | Nova Scotia Victoria
53%
Yukon Yukon
51%
Nova Scotia Halifax
49%
New Brunswick | Nova Scotia | Prince Edward Island Kings
47%
New Brunswick Saint John
47%
Saskatchewan Saskatoon
47%
Ontario Hamilton
42%
Ontario Niagara
42%
Alberta Red Deer
42%
Saskatchewan Regina
42%
Newfoundland & Labrador Central Newfoundland-Grand Falls-Windsor
40%
New Brunswick Charlotte
40%
Ontario Essex
40%
Ontario Greater Sudbury
40%
New Brunswick | Nova Scotia | Prince Edward Island Queens
40%
Ontario Sudbury
40%
New Brunswick | Ontario York
40%
New Brunswick Albert
35%
Newfoundland & Labrador Labrador-Happy Valley-Goose Bay
35%
Ontario Prince Edward
35%
Québec Trois-Rivières
35%
Ontario Chatham-Kent
33%
Québec Laval
33%
Ontario Peel
33%
Ontario Thunder Bay
33%
Manitoba Whitehorse Plains
33%
Manitoba Churchill / Northern Manitoba
30%
Québec La Côte-de-Gaspé
30%
Québec La Vallée-de-l'Or
30%
Alberta Lethbridge
30%
Ontario Oxford
30%
Newfoundland & Labrador Avalon Peninsula-St. John's
28%
Ontario Durham
28%
Ontario Haldimand-Norfolk
28%
New Brunswick Kent
28%
Ontario Middlesex
28%
Manitoba Brandon
26%
Ontario Huron
26%
Ontario Waterloo
26%
Nova Scotia Cape Breton
23%
Québec Gatineau
23%
Québec La Vallée-de-la-Gatineau
23%
Nova Scotia Richmond
23%
Manitoba Flin Flon / North West
21%
Ontario Halton
21%
Ontario Lanark
21%
Ontario Peterborough
21%
Ontario Renfrew
21%
Québec Saguenay
21%
Québec Sherbrooke
21%
Ontario Simcoe
21%
Alberta St. Paul
21%
Manitoba Thompson / North Central
21%
Ontario Wellington
21%
Ontario Bruce
19%
Nova Scotia Cumberland
19%
Ontario Kenora
19%
Ontario Leeds and Grenville
19%
Québec Le Fjord-du-Saguenay
19%
Saskatchewan Moose Jaw
19%
Ontario Muskoka
19%
British Columbia Nanaimo
19%
New Brunswick | Ontario Northumberland
19%
Saskatchewan Prince Albert
19%
Québec Drummond
16%
Ontario Elgin
16%
Ontario Grey
16%
Ontario Hastings
16%
Alberta Leduc
16%
Québec Lévis
16%
Québec Longueuil
16%
Northwest Territories North Slave
16%
Ontario Perth
16%
Northwest Territories South Slave
16%
Alberta Acadia
14%
New Brunswick Carleton
14%
Ontario Cochrane
14%
Ontario Frontenac
14%
Ontario Haliburton
14%
Ontario Lennox and Addington
14%
Saskatchewan Lloydminster
14%
Ontario Stormont, Dundas, and Glengarry
14%
Saskatchewan Swift Current
14%
Nova Scotia Yarmouth
14%
Québec Abitibi
12%
Québec Abitibi-Ouest
12%
Ontario Algoma
12%
Nova Scotia Annapolis
12%
Alberta Athabasca
12%
Saskatchewan Battleford
12%
Ontario Brant
12%
Manitoba Central Manitoba
12%
Québec Charlevoix
12%
Québec Charlevoix-Est
12%
Manitoba Dauphin
12%
Nova Scotia Digby
12%
Ontario Dufferin
12%
Alberta Foothills
12%
Alberta Grande Prairie
12%
Newfoundland & Labrador Humber District-Corner Brook
12%
Northwest Territories Inuvik
12%
Québec Joliette
12%
Québec Kamouraska
12%
Ontario Kawartha Lakes
12%
Saskatchewan Kindersley
12%
Québec La Jacques-Cartier
12%
Ontario Lambton
12%
Québec Les Laurentides
12%
Ontario Manitoulin
12%
Saskatchewan Melville
12%
Ontario Nipissing
12%
Saskatchewan North Battleford
12%
Manitoba North Eastman / North East Manitoba
12%
Alberta Parkland
12%
Alberta Peace
12%
Ontario Rainy River
12%
Québec Rimouski-Neigette
12%
Manitoba Selkirk
12%
Manitoba South West
12%
Alberta Sturgeon
12%
Ontario Timiskaming
12%
Saskatchewan Yorkton
12%
Québec Acton
9%
Nova Scotia Antigonish
9%
Québec Antoine-Labelle
9%
Québec Argenteuil
9%
Québec Arthabaska
9%
Québec Avignon
9%
Québec Beauce-Centre
9%
Québec Beauce-Sartigan
9%
Alberta Beaver
9%
Québec Bécancour
9%
Québec Bellechasse
9%
Québec Bonaventure
9%
Québec Brome-Missisquoi
9%
Alberta Cardston
9%
British Columbia Cariboo
9%
Nova Scotia Colchester
9%
New Brunswick Gloucester
9%
Québec Lac-Saint-Jean-Est
9%
Québec La Haute-Côte-Nord
9%
Québec La Haute-Gaspésie
9%
Québec La Haute-Yamaska
9%
Québec La Nouvelle-Beauce
9%
Québec La Rivière-du-Nord
9%
Québec L'Assomption
9%
Québec La Vallée-du-Richelieu
9%
Québec L'Érable
9%
Québec L'Islet
9%
Nova Scotia Lunenburg
9%
New Brunswick Madawaska
9%
Québec Mirabel
9%
Québec Nicolet-Yamaska
9%
Ontario Parry Sound
9%
Nova Scotia Pictou
9%
Ontario Prescott and Russell
9%
British Columbia Prince Rupert
9%
New Brunswick Restigouche
9%
Québec Rivière-du-Loup
9%
Manitoba Roblin, Russell, Rossburn Area
9%
Québec Rouyn-Noranda
9%
New Brunswick Sunbury
9%
Alberta Wainwright
9%
Alberta Westlock
9%
New Brunswick Westmorland
9%
Alberta Wetaskiwin
9%
Alberta Yellowhead
9%
Saskatchewan Assiniboia
7%
Alberta Barrhead
7%
Québec Beauharnois-Salaberry
7%
Alberta Bighorn
7%
Alberta Big Lakes
7%
Alberta Birch Hills
7%
Alberta Bonnyville
7%
Alberta Brazeau
7%
Alberta Camrose
7%
Alberta Clear Hills
7%
Alberta Clearwater
7%
Québec Coaticook
7%
Alberta Cypress
7%
Québec D'Autray
7%
Québec Deux-Montagnes
7%
Manitoba Eastern Manitoba
7%
Saskatchewan Estevan
7%
Alberta Fairview
7%
Alberta Flagstaff
7%
Alberta Forty Mile
7%
Alberta Greenview
7%
Nova Scotia Hants
7%
Nova Scotia Inverness
7%
Nunavut Kitikmeot
7%
Nunavut Kivalliq
7%
Alberta Kneehill
7%
Alberta Lacombe
7%
Québec La Côte-de-Beaupré
7%
Alberta Lac Ste. Anne
7%
Québec La Mitis
7%
Alberta Lamont
7%
Saskatchewan La Ronge
7%
Québec Le Golfe-du-Saint-Laurent
7%
Québec Le Granit
7%
Québec Le Haut-Richelieu
7%
Québec Le Haut-Saint-François
7%
Québec Le Rocher-Percé
7%
Québec Les Collines-de-l'Outaouais
7%
Québec Les Îles-de-la-Madeleine
7%
Québec Les Jardins-de-Napierville
7%
Québec Les Moulins
7%
Québec Les Pays-d'en-Haut
7%
Québec Le Val-Saint-François
7%
Québec Lotbinière
7%
Québec Manicouagan
7%
Québec Maskinongé
7%
Saskatchewan Melfort
7%
Alberta Minburn
7%
Québec Montmagny
7%
Alberta Newell
7%
Alberta Northern Lights
7%
Newfoundland & Labrador Northern Peninsula-St. Anthony
7%
Alberta Northern Sunrise
7%
Manitoba North Interlake
7%
Alberta Opportunity
7%
Alberta Paintearth
7%
Alberta Ponoka
7%
Québec Pontiac
7%
Québec Portneuf
7%
Alberta Provost
7%
Nunavut Qikiqtaaluk
7%
Alberta Ranchland
7%
Alberta Rocky View
7%
Québec Roussillon
7%
Alberta Saddle Hills
7%
Québec Shawinigan
7%
Alberta Smoky Lake
7%
Alberta Smoky River
7%
Manitoba South Interlake
7%
Alberta Spirit River
7%
Alberta Starland
7%
Manitoba Steinbach
7%
Alberta Stettler
7%
Newfoundland & Labrador St George's-Stephenville
7%
Alberta Taber
7%
Québec Thérèse-De-Blainville
7%
Alberta Thorhild
7%
Alberta Two Hills
7%
Québec Vaudreuil-Soulanges
7%
Alberta Vermilion River
7%
Alberta Warner
7%
Manitoba Western Manitoba
7%
Saskatchewan Weyburn
7%
Alberta Wheatland
7%
Alberta Woodlands
7%
Newfoundland & Labrador Bonavista / Trinity-Clarenville
5%
Northwest Territories Dehcho
5%
Nova Scotia Guysborough
5%
Québec Kativik
5%
British Columbia Kootenay
5%
Québec La Matanie
5%
Québec La Matapédia
5%
Québec La Tuque
5%
Québec Le Domaine-du-Roy
5%
Québec Le Haut-Saint-Laurent
5%
Québec Les Basques
5%
Québec Les Etchemins
5%
Québec Les Maskoutains
5%
Alberta Lesser Slave River
5%
Québec L'Île d'Orléans
5%
Saskatchewan Maple Creek
5%
Québec Maria-Chapdelaine
5%
Québec Matawinie
5%
Québec Mékinac
5%
Québec Memphrémagog
5%
Québec Minganie
5%
Québec Montcalm
5%
Alberta Mountain View
5%
Newfoundland & Labrador Nunatsiavut-Nain
5%
Québec Papineau
5%
Manitoba Pembina Valley
5%
Alberta Pincher Creek
5%
Manitoba Portage la Prairie
5%
Québec Rouville
5%
Northwest Territories Sahtu
5%
Québec Sept-Rivières
5%
Nova Scotia Shelburne
5%
Québec Témiscamingue
5%
Québec Témiscouata
5%
Manitoba Virden
5%
Alberta Vulcan
5%
Alberta Willow Creek
5%
Saskatchewan Wynyard
5%
Newfoundland & Labrador Burin Peninsula-Marystown
2%
Québec Caniapiscau
2%
Québec Eeyou Istchee
2%
Québec Jamésie
2%
Québec Les Appalaches
2%
Québec Les Chenaux
2%
Québec Les Sources
2%
Québec Marguerite-d'Youville
2%
Newfoundland & Labrador Notre Dame Bay-Lewisporte
2%
Québec Pierre-de-Saurel
2%
Newfoundland & Labrador South Coast-Channel-Port aux Basques
2%
British Columbia Westminster
2%
Manitoba Beausejour
0%
Manitoba Pilot Mound
0%
Manitoba Swan Valley
0%
British Columbia Yale
0%
No matching quizzes found
Score Distribution
Percent of People with Each Score
Percentile by Number Answered
Your Score History
You have not taken this quiz since the last reset